MARC

Tag First Indicator Second Indicator Subfields
LEADER 00000cam a22000004a 4500
001 in00003371821
005 20190405190331.0
006 m d
007 cr |||||||nn|n
008 110218s2011 mau o d eng d
010 |z  2011006674 
020 |a 9781613761717 
020 |a 1613761716 
020 |z 9781558498884 (pbk. : alk. paper) 
020 |z 9781558498877 (library cloth : alk. paper) 
020 |z 1558498877 
035 |a (MdBmJHUP)muse9781613761717 
040 |a MdBmJHUP  |c MdBmJHUP  |d UtOrBLW 
043 |a n-usn-- 
050 0 0 |a F7  |b .R68 2011 
082 0 0 |a 974/.02  |2 22 
100 1 |a Romero, R. Todd,  |d 1968- 
245 1 0 |a Making war and minting Christians :  |b masculinity, religion, and colonialism in early New England /  |c R. Todd Romero. 
264 1 |a Amherst :  |b University of Massachusetts Press,  |c [2011] 
264 4 |c ©2011 
300 |a 1 online resource (xiii, 255 pages :) :  |b illustrations, map 
336 |a text  |b txt  |2 rdacontent 
337 |a computer  |b c  |2 rdamedia 
338 |a online resource  |b cr  |2 rdacarrier 
490 1 |a Native Americans of the Northeast : culture, history, and the contemporary 
504 |a Includes bibliographical references and index. 
588 |a Description based on print version record. 
500 |a Electronic resource. 
651 0 |a New England  |x History, Military. 
651 0 |a New England  |x History  |y Colonial period, ca. 1600-1775. 
650 0 |a Indians of North America  |x Wars  |z New England. 
650 0 |a Indians of North America  |z New England  |x Religion. 
650 0 |a Indians of North America  |x Missions  |z New England. 
650 0 |a Missionaries  |z New England  |x History. 
650 0 |a Sex role  |z New England  |x History. 
650 0 |a Masculinity  |x Religious aspects  |x Christianity. 
650 0 |a Masculinity  |z New England  |x History. 
655 7 |a Electronic books.  |2 local 
830 0 |a Native Americans of the Northeast. 
856 4 0 |u http://proxy.library.tamu.edu/login?url=http://muse.jhu.edu/books/9781613761717/  |z Connect to the full text of this electronic book  |t 0 
999 |a MARS 
999 f f |s c80fa12d-15ea-3bb4-8974-6333ecc76cbb  |i 57fca6b5-40e4-3140-8573-d0e16e90e11d  |t 0 
952 f f |a Texas A&M University  |b College Station  |c Electronic Resources  |d Available Online  |t 0  |e F7 .R68 2011  |h Library of Congress classification 
998 f f |a F7 .R68 2011  |t 0  |l Available Online